000 nam a22 7a 4500
999 _c47389
_d47389
005 20250212105509.0
008 190422b xxu||||| |||| 00| 0 eng d
020 _a978-9978-92-806-6
040 _aANE
041 _aEs
082 _a345 E77
100 _aEspinosa Cueva,Carla
245 _aTeoría de la motivación de las resoluciones judiciales y jurisprudencia de casación y electoral
_cEspinosa Cueva,Carla
250 _a1 ra ed
260 _aQuito
_c2010
300 _a147 p.
505 _aDerecho comparado: motivación judicial en los sistemas de los países de la familia romano-germánica.- Tipos de providencias judiciales y motivación.- Elementos para una motivación debida de las resoluciones judiciales con jurisprudencia de casación civil y laboral ecuatoriana.- La motivación de las sentencias electorales.
942 _2ddc
_cBK
_zNr.